01478nam a2200229Ia 4500008004100000020001500041041001200056082001600068100001400084245004000098260003800138300000800176650000800184942000700192999001500199952017200214952017300386952018400559952016100743952017200904952017201076221030s9999 xx 000 0 und d a9971511703 aEnglish a105.23bHay aS. Haykin 0aCommunication Systemscby S. Haykin bWiley Eastern PubaNew Yorkc1999 a872 aECE cBK c2415d2415 pBE 1236g399.60l0o105.23 Hayr2024-06-13 00:00:00w2022-10-30yBK003Print4070aMIETLIBbMIETLIBcBL-Academic Block- A, FL-1, CUP-14, SH-1, R-1d2000-04-2610HBE pBE 1239g399.60l0o105.23 Hayr2024-06-13 00:00:00w2022-10-30yBK003Print4070aMIETLIBbMIETLIBcBL-Academic Block- A, FL-1, CUP-14, SH-1, R-1d2000-04-2610HBE pBE 1200g400.00l3o105.23 Hayr2024-06-13 00:00:00s2023-06-05w2022-10-30yBK003Print4070aMIETLIBbMIETLIBcBL-Academic Block- A, FL-1, CUP-14, SH-1, R-1d2000-04-2610HBE pBE 1202g400.00l0o105.23 Hayr2024-06-13 00:00:00w2022-10-30yBK003Print4071aMIETLIBbMIETLIBcBL-Second, FL-1, CUP-74, SH-3, R-3d2000-04-2610HBE pBE 1201g400.00l0o105.23 Hayr2024-06-13 00:00:00w2022-10-30yBK003Print4070aMIETLIBbMIETLIBcBL-Academic Block- A, FL-1, CUP-14, SH-1, R-1d2000-04-2610HBE pBE 1238g250.00l0o105.23 Hayr2024-06-13 00:00:00w2022-10-30yBK003Print4070aMIETLIBbMIETLIBcBL-Academic Block- A, FL-1, CUP-14, SH-1, R-1d2000-04-2610HBE